000
00290nam a2200133Ia 4500
005
20251222140057.0
008
251222s1900||||xx |||||||||||||| ||spa||
020
_a
842060349X
082
_a
184/P66R/Ej.2
100
_a
Platón
245
0
_a
La República
264
_b
Alianza
942
_c
LIB
999
_c
3811
_d
3811